000 00658nam a2200241Ia 4500
003 OSt
005 20220924123518.0
006 a|||||r|||| 00| 0
007 ta
008 220923b |||||||| |||| 00| 0 urd d
020 _c50.00
024 _a315512
037 _cTextual
040 _aARTS
_cARTS
_burd
041 _2urd
_aurd
082 _aO168,1NSA2:g, M6
100 _aSaqi K. L. Narang Ed.
_9192995
245 0 _aHamare kunwar sahab
260 _aNew Delhi
_b Anjuman Taraqqi Urdu India
_c1986
650 _aURDU POETRY
942 _hO168,1NSA2:g, M6
_cTEXL
_2CC
999 _c416048
_d416048